| 000 | 00555nam a2200229Ia 4500 | ||
|---|---|---|---|
| 003 | OSt | ||
| 005 | 20140311163114.0 | ||
| 008 | 140130s9999 xx 000 0 und d | ||
| 020 | _a0439046211 | ||
| 050 |
_aPZ 7 _b.N971 1999 |
||
| 100 |
_aNumeroff, Laura _931157 |
||
| 245 |
_aIf you give a pig a pancake / _cNumeroff, Laura |
||
| 260 |
_bScholastic, _c1999. _aNew York : |
||
| 300 |
_bcol. ill. ; _c20 cm. |
||
| 440 |
_v1 _931158 |
||
| 521 | _aG3 | ||
| 526 | _c570 | ||
| 942 |
_cBK _2lcc |
||
| 999 |
_c40684 _d40684 |
||